Overwatch 2 - Zgadnij postać po podpowiedzi - Statystyki

Ogólne statystyki
  • Ten quiz został rozwiązany 64 razy
  • Średni wynik to 13 z 15
Statystyki odpowiedzi
Hint Odpowiedź % Poprawnych
Inteligentny goryl-naukowiec, walczy skokami i tarczami. Winston
96%
Omnicki mnich, leczy sojuszników i osłabia wrogów kulami. Zenyatta
96%
Robot z trybem wieżyczki i wiernym ptaszkiem o imieniu Ganimedes. Bastion
94%
Niemiecki rycerz z ogromnym młotem i energetyczną tarczą. Reinhardt
92%
Rewolwerowiec z Dzikiego Zachodu, dawniej znany jako McCree. Cassidy
90%
Anielska uzdrowicielka, może wskrzeszać poległych sojuszników. Łaska
90%
Naukowiec, który stracił zmysły przez eksperymenty z grawitacją. Sigma
90%
Przywódczyni gangu Ostrzy Martwego Punktu, ma pomocnika B.O.B.-a. Ashe
88%
Łucznik z klanu Shimada, potrafi przywołać smoki. Hanzo
86%
Szwedzki inżynier, buduje automatyczne wieżyczki. Torbjorn
84%
Medyk i były żołnierz Szponu, korzysta z pola nieśmiertelności. Baptiste
78%
Były dowódca Overwatch, dysponuje sprintem i leczeniem. Żołnierz-76
78%
Zamaskowany zabójca, potrafi znikać w cieniu i odzyskiwać życie. Żniwiarz
74%
Omnicki przywódca Null Sector, może zmieniać formę w walce. Ramattra
72%
Miłośnik chaosu z Australii, używa haka do przyciągania wrogów. Wieprzu
72%
Nie znaleziono quizów pasujących do podanych kryteriów
Rozkład punktacji
Procent ludzi z każdym wynikiem
Percentyl według liczby udzielonych odpowiedzi
Twoja historia wyników
Nie rozwiązałeś tego quizu